Derechos del niño /
Guardado en:
| Otros Autores: | , , , , |
|---|---|
| Formato: | Desconocido |
| Idioma: | Spanish |
| Publicado: |
Buenos Aires :
Eudeba,
2010.
|
| Edición: | 1a. ed. |
| Series: | Facultad de Derecho Estudios
|
| Materias: | |
| Etiquetas: |
Agregar Etiqueta
Sin Etiquetas, Sea el primero en etiquetar este registro!
|
| LEADER | 00688nac a22002175a 4500 | ||
|---|---|---|---|
| 001 | DER.der010532 | ||
| 008 | 180615s2010####ag#||||||||||||||#||spa|| | ||
| 005 | 20251211164220.0 | ||
| 245 | 1 | 0 | |a Derechos del niño / |c coordinado por Tara Collins...[et. al.]. |
| 250 | |a 1a. ed. | ||
| 260 | |a Buenos Aires : |b Eudeba, |c 2010. | ||
| 300 | |a 573 p. | ||
| 440 | 0 | |a Facultad de Derecho |p Estudios | |
| 020 | |a 9789502317212 | ||
| 700 | 1 | |a Collins, Tara, |e coord. | |
| 700 | 1 | |a Grondin, Rachel, |e coord. | |
| 700 | 1 | |a Piñero, Verónica, |e coord. | |
| 700 | 1 | |a Pratte, Marie, |e coord. | |
| 700 | 1 | |a Roberge, Marie-Claude, |e coord. | |
| 650 | 7 | |a DERECHO DE FAMILIA | |
| 859 | |a DERECHO |b BIB. DERECHO |h 346.013 |i DER |p 006462 | ||
